000 00638nam a2200217 a 4500
999 _c3100
_d3100
001 3100
003 BD-JhCC
005 20171114125521.0
008 171109s bg |||| |||| 000 0 ben d
035 _a(BD-JhCC)3100
040 _aBD-JhCC
_dBD-JhCC
041 _aben
082 _a891.442
_bALI 1982
100 _aআলী, শেখ আকরাম
245 _aলাশ '৭৪ /
_cশেখ আকরাম আলী,
260 _aঢাকা :
_bবাংলাদেশ শিল্পকলা একাডেমী,
_c1982
300 _a47 p. :
_c22 cm.
650 _aBengali Drama
942 _2ddc
_cBK